00339nam a2200109Ia 4500020001500000082001900015100003300034245008400067260005700151300000900208546001200217 a8120702727 a658.071 ILO/IN aInternational Labour Office  aIntroductory course in teaching and training methods for management development bSterling Publishers Private LimitedaNew Delhic1997 a28-5 aEnglish